[Event "Muensterland Verbandsliga 0405"]
[Site "Muensterland"]
[Date "2005.01.29"]
[Round "5.3"]
[White "Busch, Martin"]
[Black "Pfeiffer, Oliver"]
[Result "1/2-1/2"]
[WhiteElo "1990"]
[BlackElo "1931"]
[PlyCount "35"]
[EventDate "2004.09.18"]
[EventType "team"]
[EventRounds "9"]
[EventCountry "GER"]
[SourceTitle "EXT 2006"]
[Source "ChessBase"]
[SourceDate "2005.11.24"]
[SourceVersion "1"]
[SourceVersionDate "2005.11.24"]
[SourceQuality "1"]
[WhiteTeam "Muenster II"]
[BlackTeam "Ibbenbueren"]
[WhiteTeamCountry "GER"]
[BlackTeamCountry "GER"]

1. e4 Nc6 2. d4 d5 3. Nc3 dxe4 4. d5 Ne5 5. Bf4 Ng6 6. Bg3 a6 7. h4 h5 8. Nxe4 Nf6 9. Nxf6+ exf6 10. Bc4 Bd6 11. Qe2+ Kf8 12. Bxd6+ Qxd6 13. 0-0-0 Bd7 14. Kb1 Re8 15. Qd2 b5 16. Bb3 c5 17. c3 Ne5 18. Ne2 1/2-1/2

[Event "Muensterland Verbandsklasse-A 0304"]
[Site "Germany"]
[Date "2004.03.06"]
[Round "7.4"]
[White "Overesch, Dieter"]
[Black "Pfeiffer, Oliver"]
[Result "1/2-1/2"]
[WhiteElo "1857"]
[BlackElo "1887"]
[PlyCount "48"]
[EventDate "2003.09.20"]
[EventType "team"]
[EventRounds "9"]
[EventCountry "GER"]
[SourceTitle "EXT 2005"]
[Source "ChessBase"]
[SourceDate "2004.11.15"]
[SourceVersion "1"]
[SourceVersionDate "2004.11.15"]
[SourceQuality "1"]
[WhiteTeam "Nordwalde"]
[BlackTeam "Ibbenbueren"]
[WhiteTeamCountry "GER"]
[BlackTeamCountry "GER"]

1. d4 Nc6 2. Nf3 d5 3. c3 Bf5 4. Bf4 e6 5. Qa4 Bd6 6. Bxd6 cxd6 7. Nbd2 Nf6 8. e3 h6 9. Be2 0-0 10. 0-0 Bh7 11. c4 dxc4 12. Nxc4 Qd7 13. Qa3 Rfd8 14. Rfd1 b5 15. Na5 b4 16. Qa4 Nxd4 17. Qxd7 Nxe2+ 18. Kf1 Rxd7 19. Kxe2 Rc8 20. Rac1 Rxc1 21. Rxc1 Be4 22. Rc4 Bd5 23. Rxb4 Rc7 24. Ne1 Rc5 1/2-1/2

[Event "Muensterland Verbandsklasse-A 0304"]
[Site "Germany"]
[Date "2004.02.14"]
[Round "6.4"]
[White "Pfeiffer, Oliver"]
[Black "Schigiol, Jan Hendrik"]
[Result "1/2-1/2"]
[WhiteElo "1887"]
[BlackElo "1739"]
[PlyCount "89"]
[EventDate "2003.09.20"]
[EventType "team"]
[EventRounds "9"]
[EventCountry "GER"]
[SourceTitle "EXT 2005"]
[Source "ChessBase"]
[SourceDate "2004.11.15"]
[SourceVersion "1"]
[SourceVersionDate "2004.11.15"]
[SourceQuality "1"]
[WhiteTeam "Ibbenbueren"]
[BlackTeam "Muenster V"]
[WhiteTeamCountry "GER"]
[BlackTeamCountry "GER"]

1. e4 Nf6 2. e5 Nd5 3. c4 Nb6 4. c5 Nd5 5. Bc4 e6 6. Nc3 Nxc3 7. bxc3 Bxc5 8. d4 Be7 9. Qg4 g6 10. Bd3 d6 11. Bf4 Nc6 12. Rd1 Bd7 13. h4 dxe5 14. dxe5 a6 15. Nf3 h5 16. Qg3 Rg8 17. Be4 Qb8 18. Ng5 Bxg5 19. Bxg5 Qa7 20. Bf6 Ne7 21. Qg5 Qc5 22. 0-0 Bc6 23. Bxc6+ Nxc6 24. Rd3 Ne7 25. Rfd1 Nd5 26. Qd2 Kd7 27. Rd4 b5 28. c4 bxc4 29. Rc1 Kc8 30. Rdxc4 Qb6 31. Rc6 Qb7 32. Qh6 Kd7 33. Qh7 Raf8 34. Bg7 Re8 35. Bh6 Qa8 36. Qxf7+ Re7 37. Rxc7+ Nxc7 38. Rxc7+ Kxc7 39. Qxe7+ Kb6 40. Qxe6+ Kb5 41. a4+ Kxa4 42. Qc4+ Ka5 43. Qc5+ Ka4 44. Qc4+ Ka5 45. Qc5+ 1/2-1/2

[Event "Muensterland Verbandsklasse-A 0304"]
[Site "Germany"]
[Date "2003.09.20"]
[Round "1.4"]
[White "Pfeiffer, Oliver"]
[Black "Buss, Harald"]
[Result "1-0"]
[WhiteElo "1887"]
[BlackElo "1829"]
[PlyCount "63"]
[EventDate "2003.09.20"]
[EventType "team"]
[EventRounds "9"]
[EventCountry "GER"]
[SourceTitle "EXT 2005"]
[Source "ChessBase"]
[SourceDate "2004.11.15"]
[SourceVersion "1"]
[SourceVersionDate "2004.11.15"]
[SourceQuality "1"]
[WhiteTeam "Ibbenbueren"]
[BlackTeam "Muenster Indische Dame"]
[WhiteTeamCountry "GER"]
[BlackTeamCountry "GER"]

1. d4 d6 2. e4 Nf6 3. Nc3 g6 4. Be3 Bg7 5. Be2 0-0 6. Qd2 Nc6 7. f3 e5 8. d5 Nd4 9. Bc4 Bd7 10. Nge2 Nxe2 11. Bxe2 Nh5 12. g4 Nf4 13. 0-0-0 Rb8 14. Rdg1 b5 15. h4 a5 16. Nd1 b4 17. Nf2 Qc8 18. Nd3 b3 19. cxb3 c6 20. dxc6 Nxe2+ 21. Qxe2 Be6 22. Kb1 Qxc6 23. Rc1 Qa8 24. Rhd1 f5 25. Nf2 d5 26. Rc7 fxe4 27. fxe4 d4 28. Bd2 Rxf2 29. Qxf2 Qxe4+ 30. Ka1 Qxg4 31. Rf1 Rf8 32. Rxg7+ 1-0

[Event "Muensterland Verbandsklasse-A 0203"]
[Site "Muensterland"]
[Date "2003.03.15"]
[Round "7.3"]
[White "Pfeiffer, Oliver"]
[Black "Boerger, Andreas"]
[Result "1-0"]
[WhiteElo "1887"]
[BlackElo "1825"]
[PlyCount "79"]
[EventDate "2002.09.28"]
[EventType "team"]
[EventRounds "9"]
[EventCountry "GER"]
[SourceTitle "EXT 2004"]
[Source "ChessBase"]
[SourceDate "2003.11.25"]
[SourceVersion "1"]
[SourceVersionDate "2003.11.25"]
[SourceQuality "1"]
[WhiteTeam "Ibbenbueren"]
[BlackTeam "Muenster SK V"]
[WhiteTeamCountry "GER"]
[BlackTeamCountry "GER"]

1. d4 c5 2. e3 e6 3. c3 Nf6 4. Bd3 Nc6 5. f4 cxd4 6. exd4 Qa5 7. Nd2 b5 8. Ngf3 b4 9. Nc4 Qc7 10. Bd2 Ba6 11. Qe2 Rb8 12. 0-0 Be7 13. Nfe5 Bxc4 14. Nxc4 0-0 15. f5 bxc3 16. bxc3 Nd8 17. Rf3 Rc8 18. Rh3 d6 19. g4 d5 20. Ne5 Ne4 21. Bxe4 dxe4 22. Qxe4 f6 23. fxe6 h6 24. Nd7 Qd6 25. Re1 Re8 26. Bxh6 Nxe6 27. Qxe6+ Qxe6 28. Rxe6 gxh6 29. Nxf6+ Bxf6 30. Rxf6 Re1+ 31. Kf2 Ra1 32. Re3 Rxa2+ 33. Kg3 Kg7 34. Rd6 Ra3 35. Rd7+ Kf6 36. Kf4 a5 37. h4 Raxc3 38. g5+ hxg5+ 39. hxg5+ Kg6 40. Re6+ 1-0